Szczegóły MARC21

Transport /

005 -DATA I CZAS OSTATNIEJ MODYFIKACJI [,]
    • @
    • pole kontrolne
    • 20090310140530.0
020 -Międzynarod. znormalizowany nr książki - ISBN [ , ]
    • a
    • Numer ISBN
    • 9788301142605 Find
040 -Instytucja sporządzająca opis [ , ]
    • a
    • Instytucja, która sporządziła opis (NP)
    • SZCZ U/DL
    • c
    • Instytucja, która sporządziła rekord (NP)
    • SZCZ U/DL
    • d
    • Instytucja, która zmodyfikowała rekord (P)
    • SZCZ U/JŚ
041 -Język dokumentu [0, ]
    • a
    • Język tekstu (P)
    • polski
044 -Kraj miejsca wydania [ , ]
    • a
    • Kraj miejsca wydania
    • Polska
942 -Rodzaj dokumentu [ , ]
    • c
    • Rodzaj dokumentu
    • Książka
245 -Strefa tytułu i oznaczenia odpowiedzialności [0,0]
    • a
    • Tytuł
    • Transport / Find
    • c
    • Pozostałe elementy strefy tytułu i oznaczenia odpowiedzialności (NP)
    • pod red. W. Rydzkowskiego i K. Wojewódzkiej-Król.
250 -Strefa wydania [ , ]
    • a
    • Oznaczenie wydania (NP)
    • Wyd. 4 zm., (3 dodr.).
260 -Strefa adresu wydawniczego [ , ]
    • a
    • Miejsce wydania (P)
    • Warszawa :
    • b
    • Nazwa wydawcy (P)
    • Wydawnictwo Naukowe PWN,
    • c
    • Data wydania (P)
    • 2008.
300 -Strefa opisu fizycznego [ , ]
    • a
    • Określenie formy książki i/lub objętość (NP)
    • X, 550 s. :
    • b
    • Oznaczenie ilustracji (NP)
    • il. ;
    • c
    • Format (NP)
    • 24 cm.
504 -Uwaga dot. bibliogr. załącznikowej [ , ]
    • a
    • Uwaga dot. bibliografii załącznikowej
    • Bibliogr.
080 -Uniwersalna Klasyfikacja Dziesiętna [ , ]
    • 2
    • Identyfikator wydania tablic
    • UDC-P058
    • a
    • Symbol klasyfikacji
    • 656
    • b
    • Dopowiedzenie
    • Transport. Poczta (Organizacja i eksploatacja).
    • x
    • Poddział wspólny
    • (075.8)
    • b
    • Dopowiedzenie
    • (Podręczniki dla szkół wyższych. Skrypty).
980 -Symbol UKD [ , ]
    • a
    • UKD
    • 656(075.8)
700 -Hasło dodatkowe - nazwa osobowa [1, ]
    • a
    • Nazwa osobowa (NP)
    • Rydzkowski, Włodzimierz. Find
    • e
    • Określenie rodzaju współpracy
    • Red.
    • 9
    • KHW
    • 465
700 -Hasło dodatkowe - nazwa osobowa [1, ]
    • a
    • Nazwa osobowa (NP)
    • Wojewódzka-Król, Krystyna Find
    • d
    • Daty biograficzne (NP)
    • (1948- ).
    • e
    • Określenie rodzaju współpracy
    • Red.
    • 9
    • KHW
    • 41027
920 -ISBN [ , ]
    • a
    • ISBN
    • 978-83-01-14260-5 Find
Status udost. Numer inwentarzowy Sygnatura Lokalizacja Data inwentaryzacji
-6TM.6231TM.6231T2009-01-16
-6TM.6657TM.6657T2009-06-24
-3TM.7191TM.7191T2010-05-19
-6TM.7255TM.7255T2010-06-11
-3TM.12177TM.12177T2015-02-04
-6TM.6230TM.6230T2009-01-16
-6TM.6229TM.6229T2009-01-16